[Event "9th Ivan Cvitanovic Mem"]
[Site "Split CRO"]
[Date "2004.05.02"]
[Round "2"]
[White "Zaja,I"]
[Black "Cvorovic,D"]
[Result "0-1"]
[WhiteElo "2439"]
[BlackElo "2444"]

1.d4 Nf6 2.c4 e6 3.Nf3 b6 4.g3 Ba6 5.b3 d5 6.Bg2 Ne4 7.O-O Nc6 8.Bb2 Be7
9.Qc1 Bb7 10.Nc3 O-O 11.e3 f5 12.Ne1 Qd7 13.Nd3 Rae8 14.f3 dxc4 15.bxc4 Nd6
16.d5 Na5 17.c5 Ndc4 18.e4 exd5 19.e5 Nxe5  0-1

[Event "9th Ivan Cvitanovic Mem"]
[Site "Split CRO"]
[Date "2004.05.04"]
[Round "4"]
[White "Zaja,I"]
[Black "Polak,T"]
[Result "1/2-1/2"]
[WhiteElo "2439"]
[BlackElo "2487"]

1.d4 Nf6 2.c4 e6 3.Nf3 b6 4.g3 Ba6 5.Qb3 Nc6 6.Nbd2 Bb7 7.e4 d5 8.cxd5 exd5
9.e5 Ne4 10.Bd3 Be7 11.O-O O-O 12.Re1 f5 13.exf6 Nxf6 14.a3 Kh8 15.Qc2  1/2-1/2

[Event "9th Ivan Cvitanovic Mem"]
[Site "Split CRO"]
[Date "2004.05.05"]
[Round "5"]
[White "Polak,T"]
[Black "Saric,A"]
[Result "1-0"]
[WhiteElo "2487"]
[BlackElo "2393"]

1.d4 Nf6 2.c4 e6 3.Nf3 b6 4.g3 Ba6 5.b3 Bb4+ 6.Bd2 Be7 7.Nc3 O-O 8.Qc2 d5
9.cxd5 exd5 10.Bh3 c5 11.O-O Nc6 12.Be3 Bc8 13.Bg2 Bg4 14.Rad1 Rc8 15.Qd3 cxd4
16.Bxd4 Nxd4 17.Nxd4 Bb4 18.Rc1 Bh5 19.Nxd5 Bc5 20.Nxf6+ Qxf6 21.e3 Rcd8
22.Qa6 Bxd4 23.exd4 Qxd4 24.Qxa7 Be2 25.Rfe1 Rfe8 26.h4 h6 27.Qc7 Bg4 28.Rxe8+ Rxe8
29.Qc4 Qxc4 30.Rxc4 Re1+ 31.Kh2 Be6 32.Re4 Ra1 33.Re2 b5 34.Be4 b4 35.Kg2 f5
36.Bb7 Kf7 37.Kf3 g5 38.hxg5 hxg5 39.Ke3 Rc1 40.Kd4 Kf6 41.Ba6 f4 42.gxf4 gxf4
43.Re4 Kf5 44.Bd3 Rc7 45.Re5+ Kf6 46.Rb5 Ra7 47.Rb6 Kf7 48.Ke5 Bc8 49.Rxb4 Ra5+
50.Kd6 Rxa2 51.Rxf4+ Kg7 52.Kc7  1-0

[Event "9th Ivan Cvitanovic Mem"]
[Site "Split CRO"]
[Date "2004.05.07"]
[Round "7"]
[White "Polak,T"]
[Black "Cvorovic,D"]
[Result "1-0"]
[WhiteElo "2487"]
[BlackElo "2444"]

1.d4 Nf6 2.c4 e6 3.Nf3 b6 4.g3 Ba6 5.b3 d5 6.Bg2 Ne4 7.O-O Nc6 8.Bb2 Be7
9.Qc1 Bb7 10.Nc3 O-O 11.e3 f5 12.Ne1 Qd7 13.Nd3 Rae8 14.Rd1 Na5 15.Ne5 Qc8
16.Qc2 Bd6 17.cxd5 exd5 18.Nb5 Bxe5 19.dxe5 Nc6 20.Ba3 Rf7 21.f3 Ng5 22.h4 Nxf3+
23.Bxf3 Nxe5 24.Bxd5 Bxd5 25.Rxd5 Nf3+ 26.Kf2 f4 27.exf4 Qe6 28.Qd3 Ne1 29.Qd2 c6
30.Rxe1  1-0

[Event "1st Open"]
[Site "Kranj SLO"]
[Date "2004.05.09"]
[Round "3"]
[White "Sebenik,M"]
[Black "Gombac,Jan"]
[Result "1/2-1/2"]
[WhiteElo "2440"]
[BlackElo "2227"]

1.d4 Nf6 2.Nf3 e6 3.c4 b6 4.g3 Ba6 5.Nbd2 Bb4 6.Qc2 Bb7 7.Bg2 Be4 8.Qb3 Bxd2+
9.Bxd2 O-O 10.O-O d6 11.Rfd1 Nbd7 12.Rac1 Qe7 13.Bh3 h6 14.Qa3 a5 15.Ne5 Rfe8
16.Nxd7 Nxd7 17.Be3 Nf6 18.f3 Bh7 19.Bf2 e5 20.dxe5 Qxe5 21.e4 Qe7 22.Qa4 Rad8
23.Qc6 Bg6 24.a3 Bh5 25.Bg2 Rc8 26.Re1 Nd7 27.f4 Bg4 28.b4 axb4 29.axb4 Be6
30.c5 dxc5 31.bxc5 Nxc5 32.Bxc5 bxc5 33.Qxc5 Qxc5+ 34.Rxc5 f6 35.h3 Red8
36.Rec1 Rd7 37.R1c2  1/2-1/2

[Event "29th Elekes Mem GM"]
[Site "Budapest HUN"]
[Date "2004.05.16"]
[Round "2"]
[White "Izsak,Gyu"]
[Black "Medvegy,N"]
[Result "1-0"]
[WhiteElo "2456"]
[BlackElo "2367"]

1.d4 Nf6 2.Nf3 e6 3.c4 b6 4.g3 Ba6 5.b3 b5 6.cxb5 Bxb5 7.Bg2 d5 8.Ba3 Bd6
9.Qc1 Nbd7 10.Nc3 Ba6 11.O-O O-O 12.Re1 Rc8 13.Qb2 c5 14.Rac1 Qe7 15.dxc5 Bxc5
16.Bxc5 Qxc5 17.Ne4 Qb6 18.Nxf6+ Nxf6 19.Ne5 Rfd8 20.e3 h6 21.Qd4 Qb7 22.Qa4 Bb5
23.Qb4 Qb8 24.Nf3 Qb6 25.Ne5 Qb8 26.Qd4 Rc7 27.a4 Be8 28.Rxc7 Qxc7 29.Ra1 a5
30.Nd3 Qb7 31.b4 axb4 32.Qxb4 Qxb4 33.Nxb4 Rb8 34.Nd3 Kf8 35.a5 Ra8 36.a6 Ra7
37.Nb4 Ke7 38.Rc1 Bd7 39.Rc6 Kd8 40.Bf1 Ra8 41.Rc2 Ke7 42.Nc6+ Kd6 43.Nd4 Ra7
44.f4 Ne4 45.Bb5 f6 46.Bxd7 Kxd7 47.Nc6 Ra8 48.a7 Kd6 49.Nd4 Nc5 50.Rb2 Nd7
51.Rb7 e5 52.Nb5+ Kc6 53.Rc7+ Kxb5 54.Rxd7 d4 55.fxe5 fxe5 56.Kf2 g5 57.Ke2 Kc6
58.Rh7 Kd5 59.exd4 Kxd4 60.Rb7 Ke4 61.Rb4+ Kd5 62.Ra4 h5 63.Ke3 h4 64.Ra5+ Kc4
65.Ke4 hxg3 66.hxg3 g4 67.Kxe5 Kd3 68.Kf4 Ke2 69.Kxg4  1-0

[Event "TCh-SCG"]
[Site "Petrovac SCG"]
[Date "2004.05.17"]
[Round "2"]
[White "Abramovic,B"]
[Black "Kovacevic,A"]
[Result "1/2-1/2"]
[WhiteElo "2468"]
[BlackElo "2559"]

1.d4 Nf6 2.c4 e6 3.Nf3 b6 4.g3 Ba6 5.b3 d5 6.cxd5 exd5 7.Bg2 Bb4+ 8.Bd2 Bd6
9.O-O O-O 10.Nc3 Nbd7 11.a3 Re8 12.Re1 c6 13.Bf4 Qe7 14.Bxd6 Qxd6 15.e3  1/2-1/2

[Event "TCh-SCG"]
[Site "Petrovac SCG"]
[Date "2004.05.19"]
[Round "4"]
[White "Blagojevic,D"]
[Black "Perunovic,Mil"]
[Result "1/2-1/2"]
[WhiteElo "2514"]
[BlackElo "2557"]

1.d4 Nf6 2.c4 e6 3.Nf3 b6 4.g3 Ba6 5.b3 Bb4+ 6.Bd2 Be7 7.Bg2 c6 8.Bc3 d5
9.Nbd2 Nbd7 10.O-O O-O 11.Re1 c5 12.e4 dxc4 13.Nxc4 Bb7 14.Nfe5 cxd4 15.Bxd4  1/2-1/2

[Event "Summer I"]
[Site "Alushta UKR"]
[Date "2004.05.21"]
[Round "12"]
[White "Kalygin,S"]
[Black "Taleb,M"]
[Result "1/2-1/2"]
[WhiteElo "2436"]
[BlackElo "2456"]

1.d4 Nf6 2.c4 e6 3.Nf3 b6 4.g3 Ba6 5.Nbd2 c5 6.Bg2 Bb7 7.O-O cxd4 8.Nxd4 Bxg2
9.Kxg2 Bc5 10.N2f3 O-O 11.Bf4 d5 12.cxd5 Nxd5 13.Bg5 Nf6 14.Nb3  1/2-1/2

[Event "Victor Syre Open"]
[Site "Issy les Moulineaux FRA"]
[Date "2004.05.21"]
[Round "3"]
[White "Demarre,J"]
[Black "Klinchand,D"]
[Result "1-0"]
[WhiteElo "2315"]
[BlackElo "1929"]

1.d4 Nf6 2.c4 e6 3.Nf3 b6 4.g3 Ba6 5.Nbd2 Bb7 6.Bg2 Be7 7.Qc2 d5 8.O-O O-O
9.Rd1 c5 10.b3 Na6 11.Bb2 Rc8 12.Rac1 Qc7 13.Qb1 Qb8 14.cxd5 exd5 15.e3 g6
16.Qa1 Ne4 17.Nxe4 dxe4 18.Ne5 Rfd8 19.Bh3 Rc7 20.d5 Bxd5 21.Ng4 Rb7 22.Bg7 h5
23.Nf6+ Kxg7 24.Nxh5+ Kh6 25.Qg7+ Kxh5 26.Qh7+  1-0

[Event "5th IECC"]
[Site "Antalya TUR"]
[Date "2004.05.27"]
[Round "11"]
[White "Akesson,R"]
[Black "Stocek,J"]
[Result "1-0"]
[WhiteElo "2476"]
[BlackElo "2543"]

1.Nf3 Nf6 2.c4 b6 3.d4 e6 4.g3 Ba6 5.b3 b5 6.cxb5 Bxb5 7.Bg2 d5 8.Nc3 Ba6
9.O-O Nbd7 10.Bb2 c5 11.Rc1 Rc8 12.Na4 cxd4 13.Nxd4 Rc7 14.Qd2 Bd6 15.Rxc7 Qxc7
16.Rc1 Qb7 17.Qa5 Bb4 18.Qc7 O-O 19.Qxb7 Bxb7 20.Nc6 a5 21.Nxb4 axb4 22.Nc5 Nxc5
23.Rxc5 Ra8 24.Rc7 Ba6 25.Rc2 h6 26.Kf1 Bb5 27.Be5 Ra6 28.Ke1 Nd7 29.Bf4 d4
30.Bd2 d3 31.exd3 Ne5 32.Be3 Bxd3 33.Rc8+ Kh7 34.Ra8 Rd6 35.Bc5 Rd7 36.Bxb4 Bb5
37.a4 Bc6 38.Bxc6 Nxc6 39.Bd2 Nd4 40.Be3 Nc2+ 41.Ke2 Nxe3 42.fxe3 Rb7 43.Rd8 Rxb3
44.Rd3 Rb1 45.Ra3 Rb2+ 46.Kd3 Rxh2 47.a5 Rb2 48.a6 Rb8 49.a7 Ra8 50.Kd4 g5
51.Kc5 Kg6 52.Kb6 Kh5 53.Ra4 f5 54.Kb7 Rxa7+ 55.Rxa7 e5 56.Kb6 e4 57.Kc5 Kg4
58.Kd4 h5 59.Ke5 h4 60.gxh4 gxh4 61.Ra1 h3 62.Rh1 f4 63.exf4 e3 64.Ke4 e2
65.Ke3  1-0

[Event "5th IECC"]
[Site "Antalya TUR"]
[Date "2004.05.27"]
[Round "11"]
[White "Halkias,S"]
[Black "Mastrovasilis,A"]
[Result "1-0"]
[WhiteElo "2541"]
[BlackElo "2488"]

1.d4 Nf6 2.Nf3 e6 3.c4 b6 4.g3 Ba6 5.Qb3 Nc6 6.Nbd2 d5 7.Bg2 Bb7 8.cxd5 exd5
9.Ne5 Nxd4 10.Qa4+ Nc6 11.Ndc4 Bb4+ 12.Kf1 dxc4 13.Bxc6+ Bxc6 14.Qxc6+ Kf8
15.Bg5 Qe8 16.Bxf6 gxf6 17.Qxf6 Rg8 18.Rd1 Qe6 19.Nd7+ Ke8 20.Qxe6+ fxe6
21.Nf6+ Ke7 22.Nxg8+ Rxg8 23.e3 b5 24.Ke2 a5 25.Rd4 Bd6 26.Rh4 Rg7 27.Rh5 e5
28.a4 bxa4 29.Ra1 a3 30.bxa3  1-0

[Event "TCh-BIH"]
[Site "Neum BIH"]
[Date "2004.05.30"]
[Round "2"]
[White "Prelevic,D"]
[Black "Zelic,Z"]
[Result "1/2-1/2"]
[WhiteElo "2328"]
[BlackElo "2367"]

1.d4 Nf6 2.c4 e6 3.Nf3 b6 4.g3 Ba6 5.b3 Bb4+ 6.Bd2 Be7 7.Bg2 c6 8.Bc3 d5
9.Ne5 Nfd7 10.Nxd7 Nxd7 11.Nd2 O-O 12.O-O Rc8 13.e4 dxe4 14.b4 Bb7 15.Nxe4 c5
16.dxc5 bxc5 17.b5 Bxe4 18.Bxe4 Bf6 19.Qc2 Bxc3 20.Qxc3 Nb6 21.Rfd1 Qf6 22.Qc2 Rcd8
23.a4 Rd4 24.Rxd4 Qxd4 25.Rd1 Qxc4 26.Qxc4 Nxc4 27.Rd7 f5 28.Bf3 Rf7 29.Rd8+ Rf8
30.Rd7 Rf7  1/2-1/2

[Event "TCh-BIH"]
[Site "Neum BIH"]
[Date "2004.05.30"]
[Round "2"]
[White "Markus,R"]
[Black "Bilobrk,F"]
[Result "1-0"]
[WhiteElo "2532"]
[BlackElo "2338"]

1.d4 Nf6 2.c4 e6 3.Nf3 b6 4.g3 Ba6 5.b3 Bb4+ 6.Bd2 Be7 7.Bg2 c6 8.O-O d5
9.Qc2 Nbd7 10.Rd1 Rc8 11.Bf4 O-O 12.Nc3 Nh5 13.Bc1 Nhf6 14.e4 dxc4 15.Bf4 Qe8
16.Nd2 c5 17.d5 e5 18.Be3 Ng4 19.bxc4 Nxe3 20.fxe3 Bg5 21.Qd3 Nf6 22.Bh3 Rd8
23.a4 Bc8 24.Bxc8 Rxc8 25.Rf1 Ng4 26.Rf3 Rd8 27.h3 Nf6 28.a5 Qe7 29.Nb5 Rd7
30.Kg2 g6 31.axb6 axb6 32.Ra6 Rb8 33.Nb1 h5 34.N1c3 Ne8 35.Qf1 h4 36.g4 Rbb7
37.Ra8 Kg7 38.Qe2 Rd8 39.Ra6 Rdd7 40.Rf1 Bh6 41.Ra8 Rd8 42.Rfa1 Bg5 43.Qf3 Rxa8
44.Rxa8 Qd7 45.Kf2 Be7 46.Ke2 Nf6 47.Qf2 Nh7 48.Qh2 Bd6 49.Qf2 Be7 50.Kd3 Bd8
51.Kc2 Bg5 52.d6 Nf6 53.Kb3 Qc6 54.Qh2 Nd7 55.Nd5 Rb8 56.Rxb8 Nxb8 57.Qxe5+ f6
58.Qe7+  1-0

[Event "3rd ACP Blitz Prelim1"]
[Site "playchess.com INT"]
[Date "2004.05.31"]
[Round "12"]
[White "Pelletier,Y"]
[Black "Baklan,V"]
[Result "0-1"]
[WhiteElo "2581"]
[BlackElo "2615"]

1.d4 Nf6 2.c4 e6 3.Nf3 b6 4.g3 Ba6 5.Qb3 c5 6.d5 exd5 7.cxd5 c4 8.Qd1 Bc5
9.Bg2 O-O 10.O-O d6 11.Nc3 b5 12.Bg5 h6 13.Bxf6 Qxf6 14.Ne4 Qxb2 15.Nxc5 dxc5
16.d6 Nd7 17.Qd5 Rac8 18.Bh3 Nf6 19.Qf5 Rcd8 20.e4 Bc8 21.Qxc5 Bxh3 22.Rfe1 Nxe4  0-1

[Event "Summer II"]
[Site "Alushta UKR"]
[Date "2004.06.01"]
[Round "13"]
[White "Itkis,B"]
[Black "Tishin,D"]
[Result "1/2-1/2"]
[WhiteElo "2436"]
[BlackElo "2372"]

1.d4 Nf6 2.Nf3 e6 3.c4 b6 4.g3 Ba6 5.Qa4 Bb7 6.Bg2 c5 7.dxc5 Bxc5 8.O-O O-O
9.Nc3 Be7 10.Rd1 Na6 11.Bf4 Nc5 12.Qc2 a6 13.Rd4 d5 14.b4 Nce4 15.Nxe4 Nxe4
16.cxd5 exd5 17.Qb3 Bf6 18.Be5 Qe7 19.Bxf6 Qxf6 20.Rad1 Rac8  1/2-1/2

[Event "3rd ACP Blitz Prelim4"]
[Site "playchess.com INT"]
[Date "2004.06.03"]
[Round "10"]
[White "Mecking,H"]
[Black "Landa,K"]
[Result "1-0"]
[WhiteElo "2555"]
[BlackElo "2550"]

1.d4 Nf6 2.c4 e6 3.Nf3 b6 4.g3 Ba6 5.Qa4 c6 6.Nc3 b5 7.cxb5 cxb5 8.Nxb5 Qb6
9.Nc3 Nc6 10.e3 Bxf1 11.Kxf1 Bb4 12.Kg2 O-O 13.Bd2 d5 14.Rhc1 Rfc8 15.Qd1 Qa6
16.Qf1 Qxf1+ 17.Kxf1 Rab8 18.Nd1 Ne4 19.Be1 Kf8 20.Ne5 Bxe1 21.Nd7+ Ke7 22.Nxb8 Rxb8
23.Kxe1 Nb4 24.Ke2 Rb7 25.a3 Na6 26.Rc2 Nc7 27.Rac1 Kd7 28.Nc3 Nxc3+ 29.bxc3 Rb3
30.c4 Rxa3 31.cxd5 Nxd5 32.e4 Nb4 33.Rc7+ Kd6 34.R1c5 e5 35.dxe5+ Ke6 36.f4 Ra2+
37.Kf3 Ra3+ 38.Kg4 h5+ 39.Kg5 f6+ 40.Kg6 fxe5 41.f5+ Kd6 42.Kxg7 h4 43.gxh4 Ra2
44.Rc4 a5 45.Ra7 Nd3 46.Kf6 Nc5 47.Rxc5 Kxc5 48.Kxe5 Kb6 49.Ra8 Kb7 50.Rd8 a4
51.f6 a3 52.f7 Rf2 53.f8=Q Rf7 54.Qxf7+  1-0

[Event "8th Open"]
[Site "Voronezh RUS"]
[Date "2004.06.13"]
[Round "2"]
[White "Bedia,M"]
[Black "Tunik,G"]
[Result "1-0"]
[WhiteElo "2305"]
[BlackElo "2487"]

1.d4 Nf6 2.c4 e6 3.Nf3 b6 4.g3 Ba6 5.b3 b5 6.cxb5 Bxb5 7.Bg2 Bc6 8.O-O Qc8
9.Nc3 Bb4 10.Bb2 O-O 11.a3 Bxc3 12.Bxc3 Qb7 13.Qc2 Be4 14.Qb2 Nc6 15.d5 Nxd5
16.Bxg7 Rfe8 17.Rac1 f5 18.Bh6 e5 19.Rfd1 Qb6 20.Qd2 f4 21.Nxe5 Bxg2 22.Nxd7 Qxb3
23.Kxg2 Nce7 24.Qd4  1-0

[Event "8th Open"]
[Site "Voronezh RUS"]
[Date "2004.06.18"]
[Round "7"]
[White "Arakelov,I"]
[Black "Manelis,V"]
[Result "0-1"]
[WhiteElo "2401"]
[BlackElo "2267"]

1.d4 Nf6 2.c4 e6 3.Nf3 b6 4.g3 Ba6 5.b3 Bb4+ 6.Bd2 Be7 7.Bg2 c6 8.Bc3 d5
9.Nbd2 O-O 10.O-O Nbd7 11.Qc2 c5 12.e4 dxc4 13.bxc4 cxd4 14.Nxd4 Rc8 15.e5 Ng4
16.Nc6 Rxc6 17.Bxc6 Ndxe5 18.Bb5 Bb7 19.Rfd1 Bc5 20.Bxe5 Bxf2+ 21.Kf1 Ne3+
22.Kxf2 Nxc2 23.Rac1 Qd3 24.Ba4 Ne3 25.Bf4 Nxd1+ 26.Rxd1 e5 27.Be3 Qf5+ 28.Ke1 Rd8
29.Bb3 Qh3 30.Nf1 Rxd1+ 31.Bxd1 Bg2 32.Be2 Bxf1 33.Bxf1 Qxh2 34.Bf2 Qh6 35.Bd3 Qc1+
36.Ke2 Qb2+ 37.Kf1 Qxa2 38.c5 bxc5 39.Bxc5 Qd5  0-1

[Event "II Young Stars of the World"]
[Site "Kirishi RUS"]
[Date "2004.06.26"]
[Round "8"]
[White "Mueller,Reinho"]
[Black "Rodshtein,M"]
[Result "0-1"]
[WhiteElo "2035"]
[BlackElo "2366"]

1.d4 e6 2.c4 b6 3.Nf3 Nf6 4.g3 Ba6 5.Nbd2 c5 6.Bg2 Nc6 7.Ne5 Nxd4 8.e3 Nf5
9.Qa4 Qc8 10.Bxa8 Qxa8 11.Rg1 Bb7 12.b4 Bd6 13.Nd3 cxb4 14.a3 b3 15.Qxb3 O-O
16.Bb2 Be7 17.Ke2 Rd8 18.Nb4 a5 19.Nc2 d5 20.Nd4 dxc4 21.Qxb6 Nd5 22.Qb5 c3
23.Ke1 Nxd4 24.exd4 cxd2+ 25.Kxd2 Nf6 26.Rgc1 Ne4+ 27.Ke1 Ng5 28.f4 Ne4 29.Rc7 Nd6
30.Qb6 Bf8 31.Rac1 Bf3 32.Kf2 Rb8  0-1

[Event "7th Medoc Wines Open"]
[Site "Naujac sur Mer FRA"]
[Date "2004.07.02"]
[Round "7"]
[White "Sofronie,I"]
[Black "Marholev,D"]
[Result "1-0"]
[WhiteElo "2436"]
[BlackElo "2350"]

1.d4 Nf6 2.c4 e6 3.Nf3 b6 4.g3 Ba6 5.Qc2 c5 6.Bg2 Nc6 7.dxc5 Bxc5 8.O-O O-O
9.Qa4 Qc8 10.Nc3 Bb7 11.Bg5 Nd4 12.Bxf6 Nxf3+ 13.Bxf3 Bxf3 14.exf3 gxf6 15.Rfd1 Rd8
16.Rd3 Be7 17.Rad1 d6 18.g4 Qc5 19.Ne4 Qe5 20.b3 f5 21.Ng3 fxg4 22.fxg4 Kh8
23.Qc6 Rg8 24.Qb7 Rae8 25.h3 f5 26.Re3 Qf6 27.gxf5 Qxf5 28.Qe4 Qxe4 29.Rxe4 Rg6
30.Rde1 Bd8 31.Kf1 Rf8 32.Rg4 Rxg4 33.hxg4 Bh4 34.Kg2 Bxg3 35.Kxg3 Re8 36.f4 Kg7
37.Kf3 h6 38.f5 e5 39.Rd1 Rd8 40.Ke4 b5 41.c5  1-0

[Event "GM"]
[Site "Brno CZE"]
[Date "2004.07.03"]
[Round "1"]
[White "Lagowski,P"]
[Black "Polak,T"]
[Result "1/2-1/2"]
[WhiteElo "2415"]
[BlackElo "2482"]

1.d4 Nf6 2.Nf3 e6 3.c4 b6 4.g3 Ba6 5.Qa4 Be7 6.Bg2 O-O 7.O-O c6 8.Ne5 Qe8
9.Nc3 d5 10.cxd5 cxd5 11.Qxe8 Rxe8 12.a4 Rc8 13.Bf4 Nc6 14.Nxc6 Rxc6 15.Nb5 Bb7
16.Rfc1 a6 17.Rxc6 Bxc6 18.Nc3 Bb4  1/2-1/2

[Event "Nova Open"]
[Site "Haarlem NED"]
[Date "2004.07.03"]
[Round "3"]
[White "De Saegher,C"]
[Black "Janssen,R"]
[Result "0-1"]
[WhiteElo "2207"]
[BlackElo "2484"]

1.d4 Nf6 2.Nf3 e6 3.c4 b6 4.g3 Ba6 5.b3 Bb4+ 6.Bd2 Be7 7.Bg2 c6 8.O-O d5
9.Bc3 O-O 10.Nbd2 Nbd7 11.Re1 Bb7 12.e4 dxe4 13.Nxe4 c5 14.Nfg5 Qc7 15.Qc2 Nxe4
16.Nxe4 cxd4 17.Bxd4 Rfd8 18.Rad1 Nc5 19.Nxc5 Bxc5 20.Bxc5 bxc5 21.Qc3 Bxg2
22.Kxg2 Qc6+ 23.Qf3 Qxf3+ 24.Kxf3 Kf8 25.Rxd8+ Rxd8 26.Re5 Rc8 27.Ke3 Ke7
28.Kd3 f6 29.Rh5 h6 30.a3 f5 31.Kc3 a5 32.Rh4 e5 33.f4 e4 34.g4 Rd8 35.Rh5 Rd3+
36.Kc2 fxg4 37.Rxc5 Rh3 38.Re5+ Kf6 39.Rxe4 Rxh2+ 40.Kd3 g3 41.Re1 g2 42.Rg1 h5
43.b4 axb4 44.axb4 Ke6 45.b5 h4 46.Ke3 h3 47.b6 Kd7 48.c5 Rh1 49.Kf2 Kc6
50.f5 Kb7 51.Rxg2 hxg2 52.Kxg2 Rh5  0-1

[Event "Nova Open"]
[Site "Haarlem NED"]
[Date "2004.07.03"]
[Round "4"]
[White "Goormachtigh,J"]
[Black "Epishin,V"]
[Result "0-1"]
[WhiteElo "2279"]
[BlackElo "2635"]

1.d4 Nf6 2.c4 e6 3.Nf3 b6 4.g3 Ba6 5.Qa4 Bb7 6.Bg2 g6 7.O-O Bg7 8.Nc3 O-O
9.Bg5 d6 10.h3 Nbd7 11.Rad1 h6 12.Bc1 Qe7 13.Rfe1 c5 14.dxc5 Nxc5 15.Qa3 Rfd8
16.Be3 a5 17.Nd4 Bxg2 18.Kxg2 Qb7+ 19.Kg1 d5 20.cxd5 exd5 21.b3 Re8 22.Qc1 Kh7
23.Nf3 Rac8 24.Bd4 Ne6 25.Qb2 Nxd4 26.Nxd4 Re5 27.e3 Qd7 28.Kg2 Rh5 29.Rh1 Qe7
30.Rc1 Re8 31.Qe2 Ne4 32.Ncb5 Ng5 33.Qd3 Qf6 34.Rc6 Re6 35.Rxe6 fxe6 36.h4 Ne4
37.f3 Nc5 38.Qc2 e5 39.Ne2 Rf5 40.Rf1 Qc6 41.Nbc3 d4  0-1

[Event "TCh-GRE"]
[Site "Aghia Pelagia GRE"]
[Date "2004.07.05"]
[Round "2"]
[White "Graf,A"]
[Black "Moutousis,K"]
[Result "1-0"]
[WhiteElo "2661"]
[BlackElo "2448"]

1.d4 Nf6 2.c4 e6 3.Nf3 b6 4.g3 Ba6 5.b3 Bb4+ 6.Bd2 Be7 7.Bg2 c6 8.Bc3 d5
9.Nbd2 O-O 10.Ne5 Nfd7 11.Nd3 Bb7 12.e4 Nf6 13.O-O Nxe4 14.Nxe4 dxe4 15.Bxe4 Nd7
16.Re1 Qc7 17.b4 Rad8 18.Qe2 Nf6 19.Bf3 Ba6 20.Ne5 Nd5 21.Qb2 Nxc3 22.Qxc3 c5
23.dxc5 bxc5 24.b5 Bc8 25.Qe3 Bf6 26.Rac1 Rd6 27.Nc6 Bd4 28.Qa3 Rxc6 29.bxc6 h5
30.Bxh5 Qxc6 31.Bf3 Qc7 32.Qd3 g6 33.Rb1 Kg7 34.Rb3 Qa5 35.Qe2 e5 36.Rd1 Re8
37.Bd5 e4 38.Rdb1 Re7 39.Rb8 e3 40.Kg2 Qc7 41.fxe3 Rxe3 42.Qf1 Re7 43.Kh1 Rd7
44.Qf4 Be5 45.Qf3 Re7 46.R8b3 Bd4 47.Rf1 Bh3 48.Rb7 Qxb7 49.Bxb7 Bxf1 50.Qxf1 Rxb7
51.Qd3 f5 52.Qa3 Re7 53.Kg2 Re2+ 54.Kf1 Rxh2 55.Qxa7+ Kh6 56.a4 Kg5 57.a5 Kg4
58.a6 Rf2+ 59.Ke1 Kf3 60.Qb7+ Ke3 61.Qb3+ Ke4 62.a7  1-0

[Event "Skanska Cup"]
[Site "Olomouc CZE"]
[Date "2004.07.06"]
[Round "3"]
[White "Postny,E"]
[Black "Babula,V"]
[Result "1-0"]
[WhiteElo "2563"]
[BlackElo "2569"]

1.d4 Nf6 2.c4 e6 3.Nf3 b6 4.g3 Ba6 5.Nbd2 c5 6.Bg2 Bb7 7.e4 cxd4 8.O-O d6
9.Nxd4 Nbd7 10.a4 Qc8 11.a5 a6 12.Re1 Be7 13.N2b3 Bd8 14.axb6 Bxb6 15.Na5 Ne5
16.Nxb7 Qxb7 17.b3 O-O 18.Bb2 Rab8 19.Rb1 h5 20.h3 h4 21.gxh4 Bc5 22.Bc3 Bb4
23.Rc1 Qb6 24.Bxb4 Qxb4 25.Re3 Qc5 26.Rg3 Nh5 27.Qxh5 Qxd4 28.Rd1 Qc5 29.Qg5 Ng6
30.Qxc5 dxc5 31.Ra1 Rb6 32.Ra5 Rc8 33.Bf1 e5 34.Be2 Nf4 35.Bg4 Rc7 36.Re3 Rd6
37.Kf1 g6 38.Re1 Rb6 39.Re3 Kg7 40.Rc3 Rd6 41.Ke1 Rd4 42.Rxa6 Rxe4+ 43.Kf1 f5
44.Bf3 Rd4 45.Ra1 e4 46.Be2 Rd2 47.Re3 Rcd7 48.f3 Nxe2 49.Rxe2 exf3 50.Rxd2 Rxd2
51.Ra5 Kh6 52.Rxc5 Kh5 53.Rd5 Rh2 54.Rd4 Rb2 55.c5 Rxb3 56.Rc4 Rb7 57.Kf2 g5
58.hxg5 Kxg5 59.c6 Rc7 60.Kxf3 Kf6 61.Kf4 Ke6 62.Rc1 Rc8 63.c7 Kd7 64.h4  1-0

[Event "GM"]
[Site "Brno CZE"]
[Date "2004.07.07"]
[Round "6"]
[White "Polak,T"]
[Black "Petrik,T"]
[Result "1/2-1/2"]
[WhiteElo "2482"]
[BlackElo "2457"]

1.d4 Nf6 2.c4 e6 3.Nf3 b6 4.g3 Ba6 5.b3 Bb4+ 6.Bd2 Be7 7.Nc3 d5 8.cxd5 exd5
9.Bh3 O-O 10.O-O Nbd7 11.Rc1 c6 12.Re1 Re8 13.Rc2 Bd6 14.Bg5 Be7 15.Bg2 Bb7
16.Qb1 h6 17.Bc1 Bf8 18.Bb2 Qe7 19.Rcc1 Rac8 20.a3 c5 21.Rcd1 Qe6 22.e3 Ne4
23.dxc5 bxc5 24.Nxe4 dxe4 25.Nd2 Nb6 26.Rc1 Bd5 27.Qc2 Rb8 28.Bf1 Rec8 29.Bg2 Re8
30.Bf1 h5 31.h4 Rec8 32.Bg2 Re8 33.Bf1 Rec8 34.Bg2  1/2-1/2

[Event "Skanska Cup"]
[Site "Olomouc CZE"]
[Date "2004.07.07"]
[Round "5"]
[White "Postny,E"]
[Black "Kunte,A"]
[Result "1/2-1/2"]
[WhiteElo "2563"]
[BlackElo "2532"]

1.d4 Nf6 2.c4 e6 3.Nf3 b6 4.g3 Ba6 5.Nbd2 Bb4 6.Qc2 Bb7 7.Bg2 Be4 8.Qb3 Bxd2+
9.Bxd2 O-O 10.O-O d6 11.Rfe1 Nbd7 12.Rad1 Qe7  1/2-1/2

[Event "22nd Open"]
[Site "Andorra la Vella AND"]
[Date "2004.07.10"]
[Round "8"]
[White "Oms Pallise,J"]
[Black "Ayas Fernandez,A"]
[Result "1-0"]
[WhiteElo "2518"]
[BlackElo "2328"]

1.d4 Nf6 2.c4 e6 3.Nf3 b6 4.g3 Ba6 5.b3 b5 6.cxb5 Bxb5 7.Ba3 d6 8.Bg2 Bc6
9.O-O Qc8 10.Nc3 Qb7 11.Re1 Ne4 12.Qc2 a5 13.Rac1 Nxc3 14.Qxc3 Ra7 15.h4 Be4
16.Bh3 Bxf3 17.exf3 Be7 18.f4 O-O 19.f5 Bf6 20.fxe6 fxe6 21.Bxe6+ Kh8 22.Qd2 Na6
23.d5 Nb4 24.Re4 Qb6 25.Kg2  1-0

[Event "ch-BEL"]
[Site "Westerlo BEL"]
[Date "2004.07.10"]
[Round "8"]
[White "Sadkowsky,D"]
[Black "Saiboulatov,D"]
[Result "1/2-1/2"]
[WhiteElo "2329"]
[BlackElo "2390"]

1.d4 Nf6 2.c4 e6 3.Nf3 b6 4.g3 Ba6 5.b3 Bb7 6.Bg2 Bb4+ 7.Bd2 a5 8.O-O O-O
9.a3 Be7 10.Nc3 d5 11.cxd5 exd5 12.Bg5 Na6 13.Bxf6 Bxf6 14.e3 Re8 15.Qd2 Qd6
16.Rfd1 Rad8 17.Qb2 c6 18.Rd2 h5 19.Rad1 Bc8 20.Qc1 h4 21.Na4 hxg3 22.hxg3 Qc7
23.Rc2 Nb8 24.b4 b5 25.Nc5 Bf5 26.Rc3 a4 27.Nd3 Rd6 28.Nfe5 Qb6 29.Qd2 Nd7
30.Nxd7 Bxd7 31.Rdc1 Re7 32.Rc5 Be8 33.Qc3 Qd8 34.Bh3 Rb7 35.Qe1 Be7 36.R5c3 Rh6
37.Qf1 Bd6 38.f4 Re7 39.Ne5 Bxe5 40.fxe5 Bd7 41.Bf5 Bxf5 42.Qxf5 Ree6 43.Kg2 Reg6
44.Kf3 Qe8 45.Kg2 Qd8 46.Kf3 Qe8  1/2-1/2

[Event "15th Open"]
[Site "Ljubjana SLO"]
[Date "2004.07.11"]
[Round "3"]
[White "Gostisa,L"]
[Black "Gombac,Jan"]
[Result "0-1"]
[WhiteElo "2428"]
[BlackElo "2250"]

1.d4 Nf6 2.Nf3 e6 3.c4 b6 4.g3 Ba6 5.b3 Bb4+ 6.Bd2 Be7 7.Bg2 c6 8.Bc3 Ne4
9.Bb2 d5 10.O-O O-O 11.Ne5 f6 12.Nd3 Re8 13.Qc2 Bf8 14.a3 Qe7 15.Re1 Kh8
16.f3 Nd6 17.Nd2 Nd7 18.e4 dxc4 19.bxc4 e5 20.f4 Nf7 21.Nf3 exd4 22.Nxd4 Nc5
23.Nb4 Bb7 24.e5 fxe5 25.Nbxc6 Qc7 26.fxe5 Ne6 27.Nb5 Qc8 28.Nbxa7 Bc5+ 29.Kh1 Qc7
30.Nb5 Qxc6 31.Bxc6 Bxc6+ 32.Re4 Nfg5 33.Re1 Nxe4 34.Rxe4 Ng5 35.Nc3 Rxe5
36.Nd5 Rxd5  0-1

[Event "Valoz Cup"]
[Site "Olomouc CZE"]
[Date "2004.07.11"]
[Round "10"]
[White "Kim,Se"]
[Black "Klima,L"]
[Result "0-1"]
[WhiteElo "2298"]
[BlackElo "2432"]

1.d4 Nf6 2.c4 e6 3.Nf3 b6 4.g3 Ba6 5.Nbd2 d5 6.Bg2 Be7 7.O-O O-O 8.b3 Nbd7
9.Bb2 Rc8 10.Re1 c5 11.cxd5 exd5 12.dxc5 Nxc5 13.b4 Nce4 14.Qa4 Bc4 15.Bh3 b5
16.Qxa7 Bxb4 17.Bxc8 Bc5 18.Bxf6 Qxc8 19.Qa5 Bxf2+ 20.Kg2 Bxe1 21.Rxe1 Nxf6
22.a4 bxa4 23.Qxa4 Ng4 24.Qa7 Re8 25.e3 h6 26.Qd4 Ba6 27.h3 Nf6 28.Ra1 Be2
29.Re1 Bxf3+ 30.Nxf3 Qc2+ 31.Qd2 Qe4 32.Qd4 Rb8 33.Re2 Qb1 34.Qe5 Rb4 35.Qc3 Rc4
36.Qb2 Qe4 37.Qb8+ Kh7 38.Qe5 Qg6 39.Nd4 Qe4+ 40.Qxe4+ dxe4 41.g4 g6 42.Kf2 Kg7
43.Rb2 Nd7 44.Rb7 Ne5 45.Kg3 Rc3 46.Kf4 Nd3+ 47.Kg3 Nc5 48.Rc7 Rxe3+ 49.Kf4 Rd3
50.Nf5+ gxf5 51.Rxc5 Rf3+ 52.Ke5 f6+ 53.Ke6 fxg4 54.hxg4 Rf4 55.Rc3 Kg6  0-1

[Event "Skanska Cup"]
[Site "Olomouc CZE"]
[Date "2004.07.11"]
[Round "10"]
[White "Kunte,A"]
[Black "Babula,V"]
[Result "1-0"]
[WhiteElo "2532"]
[BlackElo "2569"]

1.d4 Nf6 2.c4 e6 3.Nf3 b6 4.g3 Ba6 5.Qa4 Bb7 6.Bg2 c5 7.O-O cxd4 8.Nxd4 Qc8
9.Nc3 Bxg2 10.Kxg2 Be7 11.Rd1 O-O 12.Bg5 h6 13.Bxf6 Bxf6 14.Ne4 Be7 15.f3 a6
16.Rac1 Qb7 17.Qb3 Ra7 18.c5 bxc5 19.Nxc5 Bxc5 20.Rxc5 Qxb3 21.Nxb3 Nc6 22.Nd4 Nxd4
23.Rxd4 Rb8 24.b3 Rb5 25.Rc8+ Kh7 26.Kf2 Ra5 27.Rc2 Rb7 28.Ke3 g5 29.Kd3 Kg6
30.Kc3 f5 31.Kb2 Re5 32.Ka3 Kf7 33.Ka4 Rbb5 34.b4 Ke7 35.Rb2 Rb7 36.Rc2 h5
37.h3 Re3 38.Rd3 Re5 39.a3 Ra7 40.e3 g4 41.hxg4 hxg4 42.f4 Rb5 43.Rc8 Kf7
44.Rh8 Ke7 45.Rc8 Rbb7 46.Rc5 Rb8 47.Ka5 Rbb7 48.a4 Ra8 49.Rd4 Rab8 50.Rc1 Ra7
51.Rh1 Rbb7 52.Rh7+ Kd8 53.Rh8+ Ke7 54.Rc8 Kf7 55.Rd6 Ke7 56.Rb6  1-0

[Event "Aegean Open"]
[Site "Agios Kirykos GRE"]
[Date "2004.07.13"]
[Round "1"]
[White "Lymar,I"]
[Black "Grapsa,G"]
[Result "0-1"]
[WhiteElo "2350"]
[BlackElo "2087"]

1.d4 Nf6 2.Nf3 e6 3.c4 b6 4.g3 Ba6 5.b3 Bb4+ 6.Bd2 Be7 7.Bg2 O-O 8.O-O b5
9.Ne5 d5 10.Nc3 b4 11.Na4 Ne4 12.Rc1 Bb7 13.cxd5 exd5 14.Bf4 Bd6 15.f3 Ng5
16.Nc5 Bxc5 17.dxc5 Ne6 18.Bd2 a5 19.f4 f6 20.c6 Bc8 21.Nd3 Nd4 22.Nxb4 axb4
23.Bxb4 Nxe2+ 24.Qxe2 Re8 25.Bxd5+ Kh8 26.Qg2 Bh3 27.Qxh3 Qxd5 28.Rfd1 Qb5
29.Bc5 Nxc6 30.Rd7 Rxa2 31.Qg4 Qxc5+  0-1